000 01023nam a2200229Ia 4500
001 17662
003 GE_BSU
008 181216s||||||||xx |||||||||||||| ||und||
040 _cGE_BSU
080 _a821.353.1(092უიარაღო) +821.353.1.09
100 _aთათარიშვილი,ბენო
245 _aკაცი-ლამპარი
245 _b[უიარაღოს (კ.თათარიშვილი) ცხოვრება და მოღვაწეობა]
245 _cრედ.:ლ.გოგოხია;მხატვ.:ო.ვარვარიძე
260 _aთბილისი
260 _bნაკადული
260 _c1965
300 _a72გვ. ; 16სმ.
653 _a[უიარაღოს (კ. თათარიშვილი) ცხოვრება და მოღვაწეობა]
653 _aქართული ლიტერატურის ისტორია და კრიტიკა
942 _cBK
999 _c50711
_d50711